000 01627cam a22004574i 4500
003 PE-LiUPU
005 20250731184602.0
008 150616s1970 sp a r 000 0 spa d
035 _a(Sirsi) a5311
040 _aPE-LiUPU
_bspa
_cPE-LiUPU
_erda
049 _aPRUA
082 0 4 _a962.01
_bC81
_221
100 1 _aCottrell, Léonard,
_eautor.
245 1 0 _aEgipto.
264 1 _aBarcelona :
_bEditorial Juventud,
_c1970.
300 _a277 páginas :
_bilustraciones ;
_c25 centímetros
336 _atext
_2rdacontent
337 _aunmediated
_2rdamedia
338 _avolume
_2rdacarrier
505 0 _aBreve historia de Egipto -- Alejandría y sus alrededores -- De Alejandría al Cairo -- El Cairo y sus alrededores -- Del Cairo a Luxor -- Luxor, Karnak y la necrópolis tebana -- De Tebas a Nubia -- Suez y la península del Sinaí.
526 _aP136
526 _aP135
526 _aP134
526 _aP133
526 _aP144
526 _aP143
526 _aP87
526 _aP35
526 _aP20
526 _aP14
526 _aP10
526 _aP06
650 0 4 _aEGIPTO - ARTE ANTIGUO.
910 _ajck
_bjvq
_cjck
942 _2ddc
_cBOOK
949 _a962.01 C81
_wDEWEY
_c1
_i54487
_lCCODEBUL1
_mBUL
_p26.00
_r0
_sY
_tBOOK
_u19830430
_xEDUCACION
_PP20
_0COMPRA
_o.STAFF. Colección General
994 _aC0
_bPEPRU
596 _a1
999 _a962.01 C81
_wDEWEY
_c55789
_i54487
_d55789
_e2017-10-31
_f2021-11-8
_g5
_lCCODEBUL1
_mBUL
_n3
_p26.00
_q2
_r0
_sY
_tBOOK
_u2015-6-16
_xBIBLIOTECA
_PP20
_0COMPRA
_o.STAFF. Colección General
980 _81
_gALBERTO SANCHEZ Responsable de Automatización